00697cam a22002411 4500001000800000005001700008008004100025010001700066015001400083035001800097040004200115041000800157042001200165080001600177082001600193100000700209101000800216245004200224906004500266942001200311999001700323952011500340746258320180117035906.0711124s1956 njua 000 0 eng  a 56005869  aGB56-6739 a(OCoLC)175156 aDLCcODaWUdOCoLCdNcRSdTxUdUkdDLC aeng apremarc a370.973 HAN a370.973 HAN1 a46 aEDU10aPublic education in American society. a7bcbccoclcrplduencipf19gy-gencatlg 2ddccBK c40412d40412 00102udc40708PËKGa002b002cPËKGd2018-01-17l0o370.973 HANp002-2995412r2018-01-17w2018-01-17yBK